<?xml version="1.0" encoding="UTF-8"?>
<record
    xmlns:xsi="http://www.w3.org/2001/XMLSchema-instance"
    xsi:schemaLocation="http://www.loc.gov/MARC21/slim http://www.loc.gov/standards/marcxml/schema/MARC21slim.xsd"
    xmlns="http://www.loc.gov/MARC21/slim">

  <leader>03790nam a2200421 a 4500</leader>
  <controlfield tag="001">dia_3718</controlfield>
  <controlfield tag="003">CHAP</controlfield>
  <controlfield tag="005">20250514102858.0</controlfield>
  <controlfield tag="007">ta</controlfield>
  <controlfield tag="008">220117s2004    mx ado frm    001 0 spa d</controlfield>
  <datafield tag="010" ind1=" " ind2=" ">
    <subfield code="a">174284</subfield>
  </datafield>
  <datafield tag="040" ind1=" " ind2=" ">
    <subfield code="c">CHAP</subfield>
    <subfield code="a">mxchpua</subfield>
  </datafield>
  <datafield tag="041" ind1="0" ind2=" ">
    <subfield code="a">spa</subfield>
    <subfield code="b">eng</subfield>
  </datafield>
  <datafield tag="090" ind1=" " ind2=" ">
    <subfield code="a">Tesis</subfield>
    <subfield code="b">M464</subfield>
    <subfield code="c">2004</subfield>
  </datafield>
  <datafield tag="100" ind1="1" ind2=" ">
    <subfield code="a">Meneses Reyes, Jos&#xE9; Carlos</subfield>
  </datafield>
  <datafield tag="245" ind1="1" ind2="0">
    <subfield code="a">Calidad para enlatado de las variedades de frijol cultivadas en la zona central de M&#xE9;xico /</subfield>
    <subfield code="c">Jos&#xE9; Carlos Meneses Reyes</subfield>
  </datafield>
  <datafield tag="264" ind1=" " ind2=" ">
    <subfield code="a">Chapingo, M&#xE9;xico :</subfield>
    <subfield code="b">El autor,</subfield>
    <subfield code="c">2004</subfield>
  </datafield>
  <datafield tag="300" ind1=" " ind2=" ">
    <subfield code="a">vii, 88 hojas :</subfield>
    <subfield code="b">ilustraciones, tablas, graficas, fotograf&#xED;as</subfield>
  </datafield>
  <datafield tag="336" ind1=" " ind2=" ">
    <subfield code="2">rdacontent</subfield>
    <subfield code="a">texto</subfield>
    <subfield code="b">txt</subfield>
  </datafield>
  <datafield tag="337" ind1=" " ind2=" ">
    <subfield code="2">rdamedia</subfield>
    <subfield code="a">no mediado</subfield>
    <subfield code="b">n</subfield>
  </datafield>
  <datafield tag="338" ind1=" " ind2=" ">
    <subfield code="2">rdacarrier</subfield>
    <subfield code="a">volumen</subfield>
    <subfield code="b">nc</subfield>
  </datafield>
  <datafield tag="502" ind1=" " ind2=" ">
    <subfield code="a">Tesis</subfield>
    <subfield code="b">(Ingeniero Agroindustrial) --</subfield>
    <subfield code="c">UACh. Departamento de Ingenier&#xED;a Agroindustrial,</subfield>
    <subfield code="d">2004</subfield>
  </datafield>
  <datafield tag="504" ind1=" " ind2=" ">
    <subfield code="a">Bibliograf&#xED;a : hojas 76-79</subfield>
  </datafield>
  <datafield tag="520" ind1="3" ind2=" ">
    <subfield code="a">El frijol de las regiones de Madero, Dgo. (13 variedades); Celaya, Gto. (9 variedades) y Chapingo, Edo. de M&#xE9;xico (9 variedades); fueron enlatas (45 min., 115.6 &#xBA;C) y almacenadas durante 1 semana. El volumen del grano crudo, peso del grano, peso drenado, volumen de grano drenado, volumen del caldo, grano reventado, color del grano drenado y caldo, viscosidad del caldo y firmeza, fueron evaluados. Las variedades de frijol fueron divididas en 4 tipos comerciales (flor, pinto, bayo y negro), se hizo un an&#xE1;lisis factorial por el m&#xE9;todo de rotaci&#xF3;n varimax, a cada grupo. Tomando en cuenta algunas caracter&#xED;sticas deseables (grano reventado, volumen del grano y caldo, viscosidad y firmeza) y la norma mexicana para frijol , algunas variedades fueron descartadas debido su baja calidad de enlatado. Las variedades seleccionadas por regiones fueron: Region Madero para frijol entero. Flor de mayo Bajio, Pinto Villa, Bayo Madero; para frijol refrito. Flor de Mayo M-38; Pinto Saltillo; Pinto Zapata; Negro San Luis. Region Celaya. para frijol entero. Negro INIFAP; para Frijol refrito. Flor de Mayo Sol, Flor de Junio Marcela, Negro Jamapa</subfield>
  </datafield>
  <datafield tag="520" ind1="3" ind2=" ">
    <subfield code="a">Bean from regions of Madero, Dgo (13 varieties); Celaya, Gto, (9 varieties) and Chapingo, Estate of Mexico (9 varities); were canned (45 min., 115.6 &#xBA;C) and stored for 1 week. Volume of the raw grain, grain weight, drained weight, volume of drained grain, volume of the broth, split grain, drained grain color , broth color , broth viscosity and bean firmness were evaluated. The beans were divided into 4 groups (flower, pinto, bay and black), each group was analyzed by factorial analysis using varimax rotation. Talking into account some desirable characteristics (split grain, volume of the grain and broth, broth viscosity and firmness) and the Mexican bean standard (NMX-F-478- 1985) some varieties were discarded due to their low canning quality. The selected varieties for regions were: Madero region for whole bean. May flower, Pinto Villa, Bay Madero; Refried bean. May flower M-38; Pinto Saltillo; Pinto Zapata, Black San Luis. Celaya region for whole bean. Black INIFAP; Refried bean. May Flower Sun, June Flower Marcela, Black Chapingo region for refried bean. June Flower Marcela, Negro Jamapa.</subfield>
  </datafield>
  <datafield tag="650" ind1="1" ind2="3">
    <subfield code="a">Frijoles</subfield>
    <subfield code="x">Variedades  </subfield>
    <subfield code="2">atg</subfield>
  </datafield>
  <datafield tag="650" ind1="1" ind2="3">
    <subfield code="a">Preservaci&#xF3;n de alimentos</subfield>
    <subfield code="x">Frijoles</subfield>
    <subfield code="x">Enlatado</subfield>
  </datafield>
  <datafield tag="650" ind1="1" ind2="3">
    <subfield code="a">Beans</subfield>
    <subfield code="x">Varieties  </subfield>
    <subfield code="2">atf</subfield>
  </datafield>
  <datafield tag="650" ind1="1" ind2="3">
    <subfield code="a">Food preservation  </subfield>
    <subfield code="x">Beans</subfield>
    <subfield code="x">Canning</subfield>
    <subfield code="2">atg</subfield>
  </datafield>
  <datafield tag="700" ind1="1" ind2=" ">
    <subfield code="a">Hern&#xE1;ndez Montes, Arturo</subfield>
    <subfield code="e">director</subfield>
  </datafield>
  <datafield tag="700" ind1="1" ind2=" ">
    <subfield code="a">P&#xE9;rez Herrera, Patricia</subfield>
    <subfield code="e">asesora</subfield>
  </datafield>
  <datafield tag="700" ind1="1" ind2=" ">
    <subfield code="a">Castillo Merino, Jorge</subfield>
    <subfield code="e">asesor</subfield>
  </datafield>
  <datafield tag="856" ind1="4" ind2="1">
    <subfield code="u">http://10.13.5.2/tesis/100218.pdf</subfield>
    <subfield code="y">DESCARGAR PDF</subfield>
  </datafield>
  <datafield tag="901" ind1=" " ind2=" ">
    <subfield code="a">TESIS M464 2004</subfield>
  </datafield>
  <datafield tag="902" ind1=" " ind2=" ">
    <subfield code="a">M</subfield>
  </datafield>
  <datafield tag="905" ind1=" " ind2=" ">
    <subfield code="a">0000002004                          mx M   0000000000spa00</subfield>
  </datafield>
  <datafield tag="942" ind1=" " ind2=" ">
    <subfield code="c">TESIS</subfield>
    <subfield code="2">Clasificaci&#xF3;n Universidad Aut&#xF3;noma Chapingo</subfield>
  </datafield>
  <datafield tag="999" ind1=" " ind2=" ">
    <subfield code="c">174284</subfield>
    <subfield code="d">174284</subfield>
  </datafield>
  <datafield tag="952" ind1=" " ind2=" ">
    <subfield code="0">0</subfield>
    <subfield code="1">0</subfield>
    <subfield code="2">local</subfield>
    <subfield code="4">0</subfield>
    <subfield code="5">1</subfield>
    <subfield code="7">0</subfield>
    <subfield code="8">TESIS</subfield>
    <subfield code="a">IA_</subfield>
    <subfield code="b">IA_</subfield>
    <subfield code="d">2025-05-14</subfield>
    <subfield code="e">El autor</subfield>
    <subfield code="l">0</subfield>
    <subfield code="o">Tesis M464 2004</subfield>
    <subfield code="p">1101015422</subfield>
    <subfield code="r">2026-02-02 00:00:00</subfield>
    <subfield code="t">Ej.1</subfield>
    <subfield code="w">2025-05-14</subfield>
    <subfield code="y">TESIS</subfield>
  </datafield>
  <datafield tag="952" ind1=" " ind2=" ">
    <subfield code="0">0</subfield>
    <subfield code="1">0</subfield>
    <subfield code="2">local</subfield>
    <subfield code="4">0</subfield>
    <subfield code="5">5</subfield>
    <subfield code="7">0</subfield>
    <subfield code="8">TESIS</subfield>
    <subfield code="a">IA_</subfield>
    <subfield code="b">IA_</subfield>
    <subfield code="d">2025-05-14</subfield>
    <subfield code="e">El autor</subfield>
    <subfield code="l">0</subfield>
    <subfield code="o">Tesis M464 2004</subfield>
    <subfield code="p">1101015423</subfield>
    <subfield code="r">2026-02-02 00:00:00</subfield>
    <subfield code="t">Ej.2</subfield>
    <subfield code="w">2025-05-14</subfield>
    <subfield code="y">TESIS</subfield>
  </datafield>
  <datafield tag="952" ind1=" " ind2=" ">
    <subfield code="0">0</subfield>
    <subfield code="1">0</subfield>
    <subfield code="2">local</subfield>
    <subfield code="4">0</subfield>
    <subfield code="7">0</subfield>
    <subfield code="8">TesDigL</subfield>
    <subfield code="a">IA_</subfield>
    <subfield code="b">IA_</subfield>
    <subfield code="c">E_L</subfield>
    <subfield code="d">2025-05-14</subfield>
    <subfield code="e">El autor</subfield>
    <subfield code="l">0</subfield>
    <subfield code="p">1201015422</subfield>
    <subfield code="r">2025-05-14 11:37:35</subfield>
    <subfield code="w">2025-05-14</subfield>
    <subfield code="y">TD</subfield>
  </datafield>
</record>
